[Event "It (cat.12)"]
[Site "masterchessopen.com Malme (Sweden)"]
[Date "2008.04.23"]
[Round "2"]
[White "Kotronias Vasilios (GRE)"]
[Black "Lie Kjetil A (NOR)"]
[Result "0-1"]
[WhiteElo "2587"]
[BlackElo "2526"]

{ Kotronias Vasilios (GRE) +5 =7 -4 Lie Kjetil A (NOR) +0 =1 -0 } 1.e4 e5
2.Nf3 Nc6 3.Bb5 a6 4.Ba4 Nf6 5.O-O Be7 6.Re1 b5 7.Bb3 d6 8.c3 O-O 9.h3 Na5
10.Bc2 { ?/= } 10...d5 ( 10...c5 11.d4 Nd7 12.b3 cxd4 13.cxd4 Nc6 14.Nc3 exd4
15.Nd5 Nde5 16.Nxd4 Nxd4 17.Qxd4 Bf6 18.Kh1 Bxh3 19.gxh3 Qc8 20.Nxf6+ gxf6
21.Rg1+ Kh8 22.Qe3 Qxc2 23.Qf4 Nd7 24.Qf5 Rg8 25.Be3 d5 26.Qxd7 Qxe4+ 27.Kh2 {
1/2-1/2, Kasparov Garry 2847 - Ponomariov Ruslan 2734 , Moscow 2002 Match
"Russia-All World" } ) 11.d4 ( 11.exd5 e4 12.Bxe4 Nxe4 13.Rxe4 Bb7 14.d4 Bxd5
15.Re1 Bd6 16.Nbd2 Re8 17.Rxe8+ Qxe8 18.b3 Qc6 19.Bb2 Re8 20.Qf1 Bf4 21.Ne5
Qb7 22.Ndf3 f6 23.Nd3 Bd6 24.Re1 Rf8 25.Nd2 Qa8 26.Rc1 Bf7 27.c4 c6 28.Ne4 Bb8
29.Ndc5 Rd8 30.Qe1 Nb7 { ...1-0, Matsuura Everaldo 2511 - Rothebart Ana
Vitoria de Paula 2074 , Cuiaba 5.10.2007 It (open) } ) ( 11.d3 dxe4 12.dxe4
Qxd1 13.Rxd1 Bb7 14.Nbd2 Bd6 15.a4 Nc6 16.Nb3 Ne7 17.Re1 Rab8 18.axb5 axb5
19.Be3 Nd7 20.Na5 Ba8 21.b4 h6 22.Red1 Nf6 23.Nd2 Rfd8 24.f3 Ng6 25.Ndb3 Nf4
26.Rd2 Ne6 27.Rad1 Re8 28.Bd3 Nh5 29.Ba7 Rbc8 30.Bxb5 Rf8 { ...1-0, Shirov
Alexei 2739 - Leko Peter 2755 , Moscow 21.11.2007 Ch World (blitz) } )
11...Nxe4 { +0.11 CAP } ( 11...dxe4 12.Nxe5 c5 13.Nd2 ( 13.Bg5 Bb7 14.Nd2 cxd4
15.cxd4 Re8 16.Nb3 Nxb3 17.Bxb3 Nd5 18.Bxe7 Rxe7 19.Rc1 Nf4 20.Qg4 Ng6 21.Qf5
Nxe5 22.dxe5 Qf8 23.Rc5 Rd8 24.Rec1 Qe8 25.Rc7 h6 26.R1c5 Rxc7 27.Rxc7 Bd5
28.Bxd5 Rxd5 29.Rc8 Rd8 30.Rc7 Rd1+ 31.Kh2 { ...1/2-1/2, Dominguez Lenier 2683
- Carlsen Magnus 2714 , Khanty Mansyisk 30.11.2007 Cup World } ) 13...cxd4
14.Nxe4 dxc3 15.Qf3 Bb7 16.b4 Bxe4 17.Bxe4 Nxe4 18.Qxe4 f5 19.Qb1 c2 20.Qb2
Nc4 21.Nxc4 bxc4 22.Qxc2 Rc8 23.Bd2 Bf6 24.Rac1 Qd3 25.Qxd3 cxd3 26.Rxc8 Rxc8
27.Re3 Rc2 28.Rxd3 Rxa2 29.Be3 Be7 30.Bc5 Bxc5 31.bxc5 { ...1/2-1/2, Berg
Emanuel 2583 - Lie Kjetil A 2556 , Oslo 16. 2.2008 Tournament (team) "Four
Nations Chess Challenge" } ) 12.dxe5 ( 12.Nxe5 f6 13.Nf3 Nc4 14.Nbd2 Ncxd2
15.Bxd2 Bb7 16.Bf4 Bd6 17.Bxd6 Qxd6 18.Nd2 Rae8 19.Nb3 Qf4 20.Re2 Bc8 21.Qe1
Nd6 22.Nc5 Rxe2 23.Qxe2 Re8 24.Qh5 f5 25.Qd1 Qg5 26.a4 f4 27.Qf3 c6 28.axb5
axb5 29.Kf1 Nf5 30.Bxf5 Qxf5 31.Nd3 Re4 { ...1-0, Smirin Ilia 2649 - Greenfeld
Alon 2559 , Beer-Sheva 20.10.2007 It (active) } ) 12...f5 { N } ( 12...Bb7
13.Nd4 ( 13.Nbd2 f5 14.exf6 Bxf6 15.Nxe4 dxe4 16.Qxd8 Raxd8 17.Ng5 Bxg5
18.Bxg5 Rde8 19.a4 Nc4 20.axb5 axb5 21.Ra7 Nd6 22.Bb3+ Kh8 23.Rd1 Ra8 24.Be7
Rxa7 25.Bxf8 Ra6 26.Be7 h6 27.Bd8 c5 28.Be7 c4 29.Bc2 Nf7 30.Rd7 Bc6 31.Rd4
Ra1+ 32.Rd1 { ...1-0, Aliavdin Nikolai 2398 - Kovalev Vladislav 2184 , Orsha
27. 1.2008 It (cat.2) } ) 13...Nc4 14.f3 Ng3 15.b3 Nb6 16.Bh6 Re8 17.f4 Ne4
18.Qg4 g6 19.f5 Bg5 20.Bxe4 Bxh6 21.fxg6 Rxe5 22.Nf5 Qg5 23.h4 Qxg4 24.Nxh6+
Kg7 25.Nxg4 Rxe4 26.Rxe4 dxe4 27.gxf7 Nd5 28.Na3 Kxf7 29.Nc2 { 1/2-1/2, Renet
Olivier 2440 - Murey Jacob 2545 , France 1988 Ch France (team) } ) 13.exf6
Bxf6 14.Nbd2 Nxd2 15.Qxd2 Nc4 16.Qd3 g6 17.Qd1 c6 18.b3 Nd6 19.Nd4 Qb6 20.Bh6
Rf7 21.Re3 Bd7 22.Rg3 Ne4 23.Bxe4 dxe4 24.Be3 Qc7 25.Ne2 Bh4 26.Qd4 Bxg3
27.Nxg3 Bf5 28.c4 { ?! } ( 28.Nxe4 { !? } 28...Bxe4 29.Qxe4 Re7 30.Qc2 Rae8
31.a4 Rf7 32.b4 Qe5 33.axb5 { } ) 28...Rd8 29.Qb2 Rd3 30.cxb5 axb5 31.a4 bxa4
32.Rxa4 Qb8 33.Qc1 Rxb3 34.Qxc6 Bd7 { } {#R} 0-1

[Event "Cup Mayors (open)"]
[Site "masterchessopen.com Mumbai (India)"]
[Date "2008.05.13"]
[Round "4"]
[White "Swathi Ghate (IND)"]
[Black "Laxman R R (IND)"]
[Result "0-1"]
[WhiteElo "2320"]
[BlackElo "2468"]

1.e4 e5 2.Nf3 Nc6 3.Bb5 a6 4.Ba4 Nf6 5.O-O Be7 6.Re1 b5 7.Bb3 O-O 8.h3 d6 9.c3
Na5 10.Bc2 c5 11.d4 Nd7 12.Nbd2 exd4 13.cxd4 Nc6 14.Nb3 a5 15.e5 c4 16.Nbd2
dxe5 17.dxe5 Nc5 18.a4 Ba6 19.axb5 Bxb5 20.Qe2 Nd3 21.Rd1 Ncb4 22.Ba4 Ba6
23.Ne4 c3 24.Bg5 cxb2 25.Rab1 h6 26.Be3 Qd5 27.Bd4 Nc5 28.Bxc5 Bxe2 29.Rxd5
Nxd5 30.Rxb2 Bxf3 31.gxf3 Bxc5 32.Nxc5 Nc3 33.Bd7 a4 34.Rc2 a3 {#R} 0-1

[Event "It (open)"]
[Site "masterchessopen.com Salou (Spain)"]
[Date "2008.05.14"]
[Round "7"]
[White "Lopez Martinez Josep Manuel (ESP)"]
[Black "Ivanov Mikhail M (RUS)"]
[Result "0-1"]
[WhiteElo "2547"]
[BlackElo "2496"]

{ Lopez Martinez Josep Manuel (ESP) +1 =0 -0 Ivanov Mikhail M (RUS) +0 =2 -1 }
1.e4 e5 2.Nf3 Nc6 3.Bb5 a6 4.Ba4 Nf6 5.O-O Be7 6.Re1 b5 7.Bb3 d6 8.c3 O-O 9.h3
Na5 10.Bc2 c5 11.d4 Nd7 { ? } 12.b3 ( 12.Nbd2 exd4 13.cxd4 Nc6 14.Nf1 cxd4
15.Nxd4 Nxd4 16.Qxd4 Ne5 17.Ne3 Bxh3 18.Nd5 Rc8 19.Bb3 Bf6 20.Qa7 Bg4 21.Be3
Nc6 22.Qxa6 Bxb2 23.Rab1 Be5 24.Qxb5 Qh4 25.f4 Bd4 26.Qf1 Rfe8 27.Ba4 Bxe3+
28.Rxe3 Red8 29.Bxc6 Rxc6 30.g3 Qh5 31.Ne7+ Kf8 { ...1-0, Lopez Martinez Josep
Manuel 2378 - Pinski Jan 2444 , Yerevan 1999 Ch World (juniors) (under 20) } )
( 12.d5 Nb6 13.Nbd2 g6 14.b4 cxb4 15.cxb4 Nac4 16.Nxc4 Nxc4 17.Bb3 Nb6 18.Be3
Bd7 19.Rc1 Rc8 20.Rxc8 Bxc8 21.Qc2 Bd7 22.Rc1 Na8 23.Qd2 Qb8 24.Bg5 Bxg5
25.Nxg5 Rc8 26.Rf1 h6 27.Ne6 Kh7 28.f4 Qa7+ 29.Kh2 Be8 30.f5 gxf5 31.exf5 f6 {
...1-0, Anand Viswanathan 2801 - Carlsen Magnus 2714 , Morelia/Linares 4.
3.2007 It (cat.20) } ) 12...exd4 ( 12...Bf6 13.dxc5 dxc5 14.Nbd2 Nb6 15.Qe2
Be6 16.Nf1 Qc7 17.Ng3 Nc6 18.Be3 Be7 19.Nf5 Bxf5 20.exf5 Rfe8 21.Be4 Bf8 22.f6
g6 23.Ng5 Rad8 24.Qf3 Nb8 25.h4 Rd6 26.h5 Bh6 27.hxg6 hxg6 28.Bxg6 Bxg5
29.Bh7+ Kf8 30.Bxg5 Ree6 31.Qg3 Nc6 32.Bh6+ { ...0-1, Kvon Andrey 2360 -
Borsuk Yuriy 2249 , Kemer 28.11.2007 Ch World (juniors) (under 18) } ) (
12...Rb8 13.Bb2 Nc6 14.d5 Na7 15.a4 bxa4 16.Rxa4 c4 17.b4 Nb6 18.Ra5 Nb5
19.Na3 Nxa3 20.Bxa3 g6 21.Bc1 f5 22.Be3 f4 23.Bxb6 Qxb6 24.Qe2 Qc7 25.Bd1 Rb5
26.Ra1 a5 27.Ba4 Rb8 28.Reb1 axb4 29.cxb4 g5 30.Bc6 g4 31.hxg4 Bxg4 32.Qxc4 {
...0-1, Vitolins Alvis 2435 - Romanishin Oleg M 2575 , Yurmala 1983 It
(cat.10) } ) 13.cxd4 Nc6 14.Nc3 Bf6 15.Be3 cxd4 16.Nxd4 Nxd4 17.Bxd4 Bb7 {
+0.22 CAP } 18.Re3 { N } ( 18.Rc1 Rc8 19.Bb1 Re8 20.Bxf6 Nxf6 21.Qd4 Qe7 (
21...Re5 22.Rcd1 Qc7 23.Re3 Rc5 24.Ne2 d5 25.e5 Ne4 26.Qd3 g6 27.f3 Ng5 28.f4
Ne4 29.Qd4 a5 30.Ng3 Nxg3 31.Rxg3 b4 32.e6 Rc3 33.exf7+ Kxf7 34.Rg4 Qc5
35.Qxc5 R8xc5 36.f5 Rc1 37.fxg6+ hxg6 { ...0-1, Carlsson Pontus 2481 -
Lindberg Bosse 2366 , Stockholm 10. 7.2007 Ch Sweden } ) 22.Rcd1 Qe5 23.Re3 h6
24.Qxd6 Qxd6 25.Rxd6 b4 26.Ne2 Nxe4 27.Rb6 Nc3 28.Nxc3 Rxe3 29.fxe3 bxc3
30.Rxb7 c2 31.Bxc2 Rxc2 32.a4 a5 33.Rb5 Rb2 34.Kh2 f5 35.Kg3 g6 36.Kf4 Kf7
37.Ke5 Rxg2 { ...1-0, Luther Thomas 2575 - Tischbierek Raj 2506 , Austria 2002
Staatsliga 2002/03 } ) ( 18.Ne2 Re8 19.Ng3 g6 20.b4 Be5 21.Bb3 Qf6 22.Bxe5
Nxe5 23.Qd2 Nc4 24.Bxc4 bxc4 25.Rad1 { 1/2-1/2, Nataf Igor-Alexandre 2565 -
Hauchard Arnaud 2487 , Kapuskasing 2003 It "Canadian Open" } ) ( 18.Qd3 {
1/2-1/2, Kovacevic Aleksandar 2548 - Blagojevic Dragisa 2541 , Vrnjacka Banja
21.10.2005 Ch SCG (team) (First League) } ) ( 18.Qd2 { 1/2-1/2, Bobras Piotr
2564 - Postny Evgeny 2598 , Cappelle la Grande 9. 3.2007 It (open) } ) (
18.Bxf6 Qxf6 19.Re3 Rac8 20.Rd3 Rfd8 21.e5 Nxe5 22.Nd5 Bxd5 23.Rxd5 Rxc2
24.Qxc2 Nf3+ 25.gxf3 Qxa1+ 26.Kg2 h6 27.a4 bxa4 28.bxa4 Qf6 29.Qd3 Qg6+
30.Qxg6 fxg6 31.Ra5 { 1/2-1/2, Dely Peter 2391 - Kozma Julius 2380 , Pecs 1964
It } ) ( 18.b4 Rc8 19.Ne2 Re8 20.Bxf6 Qxf6 21.Ng3 d5 22.Bb3 Nb6 23.Nh5 Qh6
24.e5 Nc4 25.f4 d4 26.Qg4 Qg6 27.Ng3 Ne3 28.Rxe3 dxe3 29.Nf5 Qxg4 30.hxg4 Rc7
31.Re1 Bc8 32.Nd6 Ree7 33.g5 Be6 34.Rxe3 Bxb3 35.Rxb3 Re6 36.Ra3 Rc6 37.Nxb5
Rc1+ { ...1/2-1/2, Milos Gilberto 2593 - Lima Darcy 2533 , Sao Paulo 2003 Zt }
) 18...Rc8 19.a3 Re8 20.Bxf6 Qxf6 21.Qd2 Rc7 22.Rf3 Qe5 23.Re1 Rec8 24.Ree3 g6
25.Rg3 a5 26.Bd1 Nf6 27.Bf3 { ? } ( { ? } 27.h4 b4 28.axb4 axb4 29.Nd5 Bxd5
30.exd5 Qxd5 31.Rd3 Qc5 32.Rd4 Re8 33.Rc4 Qa7 { } ) 27...Rxc3 { } {#R} 0-1

[Event "Cup Mayors (open)"]
[Site "masterchessopen.com Mumbai (India)"]
[Date "2008.05.17"]
[Round "9"]
[White "Bartakke Amardeep S (IND)"]
[Black "Saptarshi Roy (IND)"]
[Result "0-1"]
[WhiteElo "2192"]
[BlackElo "2404"]

1.e4 e5 2.Nf3 Nc6 3.Bb5 a6 4.Ba4 Nf6 5.O-O Be7 6.Re1 b5 7.Bb3 d6 8.c3 O-O 9.h3
Na5 10.Bc2 d5 11.exd5 e4 12.Ng5 Nxd5 13.Nxe4 f5 14.b4 fxe4 15.bxa5 Bh4 16.Rxe4
Bxf2+ 17.Kh1 Bf5 18.d4 Bxe4 19.Bxe4 c6 20.Qc2 Qh4 21.Nd2 Be3 22.Nf3 Rxf3
23.Bxf3 Qe1+ {#R} 0-1

[Event "It (open)"]
[Site "masterchessopen.com Orlova (Czech Republic)"]
[Date "2008.05.17"]
[Round "1"]
[White "Slivova Veronika (CZE)"]
[Black "Pecha Tomas (CZE)"]
[Result "0-1"]
[WhiteElo "1468"]
[BlackElo "2125"]

1.e4 e5 2.Nf3 Nc6 3.Bb5 a6 4.Ba4 Nf6 5.O-O Be7 6.Re1 b5 7.Bb3 O-O 8.c3 d6 9.h3
Na5 10.Bc2 c5 11.d4 Nd7 12.Nbd2 cxd4 13.cxd4 Nc6 14.Nf1 exd4 15.Nxd4 Nxd4
16.Qxd4 Ne5 17.Bf4 Bf6 18.Qe3 Nc4 19.Qd3 g6 20.Ne3 Ne5 21.Qd2 Bg5 22.Bh2 Nc4
23.Qd3 Bxe3 24.fxe3 Bb7 25.Bf4 Re8 26.Bh6 Qh4 27.Bf4 g5 28.Bh2 Bxe4 29.Qc3
Bxc2 30.Qxc2 Nxe3 31.Qc6 Rac8 32.Qxa6 Rc2 33.Qxb5 Qf2+ {#R} 0-1

[Event "It (open)"]
[Site "masterchessopen.com Chotowa (Poland)"]
[Date "2008.05.26"]
[Round "2"]
[White "Woloszyn Piotr (POL)"]
[Black "Panczuk Boleslaw (POL)"]
[Result "1-0"]
[WhiteElo "1831"]
[BlackElo "1556"]

1.e4 e5 2.Nf3 Nc6 3.Bb5 a6 4.Ba4 Nf6 5.O-O Be7 6.Re1 b5 7.Bb3 d6 8.c3 O-O 9.h3
Na5 10.Bc2 c6 11.d4 Qc7 12.Nbd2 Be6 13.Nf1 Rac8 14.a4 Rfd8 15.b4 Nc4 16.a5 h6
17.Ng3 Nh7 18.Nf5 Ng5 19.Nxe7+ Qxe7 20.Nxg5 hxg5 21.d5 cxd5 22.exd5 Bd7 23.Qh5
f5 24.Bxg5 Qf7 25.Qxf7+ Kxf7 26.Bxd8 Rxd8 {#r} 1-0

[Event "It (open) \"]
[Site "masterchessopen.com Athens (Greece)"]
[Round "7"]
[White "Anastasopoulos Spyros (GRE)"]
[Black "Delithanasis Dimitrios (GRE)"]
[Result "0-1"]
[WhiteElo "2193"]
[BlackElo "2251"]

1.e4 e5 2.Nf3 Nc6 3.Bb5 a6 4.Ba4 Nf6 5.O-O Be7 6.Re1 b5 7.Bb3 O-O 8.c3 d6 9.h3
Na5 10.Bc2 c5 11.d4 Nd7 12.dxc5 dxc5 13.Nbd2 Bb7 14.Nf1 Nc4 15.a4 Qc7 16.b3
Nd6 17.Ne3 Nxe4 18.Nf5 Ndf6 19.Ng5 Nd6 20.Rxe5 Nxf5 21.Rxf5 g6 22.Rf4 Rad8
23.Qe2 Rfe8 24.Be3 Qe5 25.h4 Bd6 26.Re1 Nh5 27.Qxh5 gxh5 28.Bxh7+ Kg7 29.Rxf7+
Kh8 30.Rxb7 Qh2+ 31.Kf1 Qh1+ 32.Ke2 Rxe3+ {#R} 0-1

[Event "Ch Germany (juniors) (Internet) (under 18) (qual3)"]
[Site "masterchessopen.com Internet"]
[Date "2008.06.08"]
[Round "7"]
[White "Erben Larissa (GER)"]
[Black "Pantusenko Valeria (GER)"]
[Result "1-0"]
[WhiteElo "1991"]
[BlackElo "1704"]

1.e4 e5 2.Nf3 Nc6 3.Bb5 a6 4.Ba4 Nf6 5.O-O Be7 6.Re1 d6 7.h3 b5 8.Bb3 O-O 9.c3
Na5 10.Bc2 c5 11.d4 Nc6 12.Nbd2 exd4 13.cxd4 Re8 14.Nf1 d5 15.e5 Ne4 16.Bxe4
dxe4 17.Rxe4 cxd4 18.b3 Qd5 19.Ng3 Bf5 20.Re1 Bb4 21.Nxf5 Bxe1 22.Nxe1 Rxe5
23.Ng3 Rae8 24.Nf3 R5e6 25.Bb2 d3 26.Qd2 Rh6 27.Qc3 Rg6 28.Rc1 b4 29.Qd2 Rxg3
30.fxg3 Re2 31.Qg5 Rxb2 32.Qxd5 {#r} 1-0

[Event "Ch Germany (juniors) (Internet) (under 18) (qual4)"]
[Site "masterchessopen.com Internet"]
[Date "2008.06.11"]
[Round "1"]
[White "Schnoor Ekkehard (GER)"]
[Black "Haidar Marcel"]
[Result "1-0"]
[WhiteElo "1997"]
[BlackElo "1651"]

1.e4 e5 2.Nf3 Nc6 3.Bb5 a6 4.Ba4 Nf6 5.O-O b5 6.Bb3 Be7 7.Re1 O-O 8.h3 d6 9.c3
Na5 10.Bc2 c5 11.d4 cxd4 12.cxd4 exd4 13.Nxd4 Bb7 14.Nf5 Re8 15.Nxe7+ Rxe7
16.Bg5 Re6 17.Nc3 h6 18.Bh4 Nc4 19.b3 Nb6 20.Qd3 Qe8 21.Bxf6 Rxf6 22.e5 Rg6
23.f3 dxe5 24.Qe3 Rg3 25.Qxb6 Bxf3 26.Be4 Bh5 27.Bxa8 Qxa8 28.Ne4 {#r} 1-0

[Event "It (open)"]
[Site "masterchessopen.com Teplice (Czech Republic)"]
[Date "2008.06.14"]
[Round "1"]
[White "Dolezal Radoslav_ (CZE)"]
[Black "Libosvar Jan"]
[Result "1-0"]
[WhiteElo "2018"]
[BlackElo "1328"]

1.e4 e5 2.Nf3 Nc6 3.Bb5 a6 4.Ba4 b5 5.Bb3 Nf6 6.O-O Be7 7.Re1 O-O 8.c3 d6 9.h3
Na5 10.Bc2 h6 11.d4 exd4 12.cxd4 Bd7 13.e5 Ne8 14.Qd3 f5 15.Nc3 dxe5 16.Nxe5
Nd6 17.Nd5 Nc6 18.Nxc6 Bxc6 19.Nxe7+ {#r} 1-0

[Event "Memorial Karl Mala (open)"]
[Site "masterchessopen.com Frankfurt (Germany)"]
[Date "2008.06.27"]
[Round "3"]
[White "Ivanovic Petar (GER)"]
[Black "Sohl Jan (GER)"]
[Result "0-1"]
[WhiteElo "1913"]
[BlackElo "2154"]

1.e4 e5 2.Nf3 Nc6 3.Bb5 a6 4.Ba4 Nf6 5.O-O Be7 6.Re1 b5 7.Bb3 d6 8.h3 O-O 9.c3
Na5 10.Bc2 c5 11.d3 Nc6 12.Nbd2 Re8 13.Nf1 h6 14.Ng3 Bf8 15.Be3 d5 16.d4 exd4
17.cxd4 dxe4 18.Ne5 Nxd4 19.Bxd4 cxd4 20.Nc6 Qb6 21.Nxe4 Qxc6 22.Nxf6+ gxf6
23.Qd3 Rxe1+ 24.Rxe1 f5 25.Bd1 Bb7 26.Qg3+ Bg7 27.Bb3 Re8 {#R} 0-1

[Event "Ch Paulista (final)"]
[Site "masterchessopen.com Santos (Brazil)"]
[Date "2008.06.28"]
[Round "5"]
[White "Barbosa Evandro Amorim (BRA)"]
[Black "Oliveira Eduardo Leite (POR)"]
[Result "1-0"]
[WhiteElo "2182"]
[BlackElo "1800"]

1.e4 e5 2.Nf3 Nc6 3.Bb5 a6 4.Ba4 Nf6 5.O-O Be7 6.Re1 b5 7.Bb3 O-O 8.h3 d6 9.c3
Na5 10.Bc2 c5 11.d3 Qc7 12.Nbd2 Nc6 13.Nf1 Ne8 14.a4 b4 15.Ne3 a5 16.Nd5 Qd8
17.d4 Be6 18.Nxe7+ Nxe7 19.dxe5 dxe5 20.Qxd8 Rxd8 21.Nxe5 f6 22.Nf3 b3 23.Bd1
Nc6 24.Be3 c4 25.Nd4 Bd7 26.Nxc6 Bxc6 27.Be2 Bxe4 28.Bc5 Nd6 29.Bxd6 Rxd6
30.Bxc4+ Bd5 31.Rad1 Rfd8 32.Rxd5 Kf8 33.Red1 {#r} 1-0

[Event "Ch Spain (juniors) (under 12)"]
[Site "masterchessopen.com Padrun (Spain)"]
[Date "2008.07.06"]
[Round "2"]
[White "Lorenzo Dieguez Manuel (ESP)"]
[Black "Garcia-Castany Musellas Gal La (ESP)"]
[Result "0-1"]
[WhiteElo "1582"]
[BlackElo "1652"]

1.e4 e5 2.Nf3 Nc6 3.Bb5 a6 4.Ba4 Nf6 5.O-O b5 6.Bb3 Be7 7.Re1 d6 8.c3 O-O 9.h3
Na5 10.Bc2 c5 11.d4 Nd7 12.Nbd2 Bf6 13.Nf1 Re8 14.Ng3 Qb6 15.Be3 Nc4 16.dxc5
dxc5 17.Rb1 Re6 18.Nf5 g6 19.Ng3 Bg7 20.Bb3 Nxe3 21.Rxe3 c4 22.Bc2 Rd6 23.Qe2
Bh6 24.Ng5 Bxg5 25.Rf3 Rd2 26.Qe1 Rxc2 27.b3 cxb3 28.axb3 Bh4 29.c4 Bxg3
30.Rxg3 Nf6 31.Rf3 Bb7 32.Qd1 Bxe4 33.Re3 Rd8 34.Qe2 {#R} 0-1

[Event "Ch Asia (juniors) (under 14) (g)"]
[Site "masterchessopen.com Teheran (Iran)"]
[Date "2008.07.19"]
[Round "5"]
[White "Vakilpour Azin (IRI)"]
[Black "Hakimifard Ghazal (IRI)"]
[Result "0-1"]
[WhiteElo "1788"]
[BlackElo "2043"]

1.e4 e5 2.Nf3 Nc6 3.Bb5 a6 4.Ba4 Nf6 5.O-O Be7 6.Re1 b5 7.Bb3 d6 8.c3 O-O 9.h3
Na5 10.Bc2 d5 11.exd5 e4 12.Ng5 Nxd5 13.Nxe4 f5 14.Ng3 f4 15.Ne4 f3 16.d4 fxg2
17.Qh5 g6 18.Qh6 Rf5 19.Ng3 Bf8 20.Qd2 Rf7 21.Qg5 Bxh3 22.Be4 c6 23.Bxg2 Qd7
24.Nh5 Rf5 25.Qg3 Bxg2 26.Qxg2 Rxh5 27.Be3 Nxe3 28.fxe3 Bd6 {#R} 0-1

[Event "It (open)"]
[Site "masterchessopen.com Pardubice (Czech Republic)"]
[Date "2008.07.20"]
[Round "3"]
[White "Alavkin Arseny (RUS)"]
[Black "Brkic Ante (CRO)"]
[Result "1-0"]
[WhiteElo "2476"]
[BlackElo "2558"]

1.e4 e5 2.Nf3 Nc6 3.Bb5 a6 4.Ba4 Nf6 5.O-O Be7 6.Re1 b5 7.Bb3 O-O 8.h3 d6 9.c3
Na5 10.Bc2 d5 11.d4 dxe4 12.Nxe5 c5 13.Bg5 Bb7 14.Bxf6 Bxf6 15.Bxe4 Bxe4
16.Rxe4 Qd5 17.Qe2 cxd4 18.cxd4 b4 19.Nd2 Rfc8 20.Re1 h5 21.Qxh5 Rc2 22.Qd1
Rac8 23.Nd3 Bxd4 24.Re8+ Kh7 25.R1e5 Qxe5 26.Rxe5 Bxe5 27.Qh5+ Kg8 28.Nxe5
{#r} 1-0

[Event "Ch Asia (juniors) (under 14) (g)"]
[Site "masterchessopen.com Teheran (Iran)"]
[Date "2008.07.20"]
[Round "6"]
[White "Priyanka Kumari (IND)"]
[Black "Hakimifard Ghazal (IRI)"]
[Result "1-0"]
[WhiteElo "1949"]
[BlackElo "2043"]

1.e4 e5 2.Nf3 Nc6 3.Bb5 a6 4.Ba4 Nf6 5.O-O Be7 6.Re1 b5 7.Bb3 d6 8.c3 O-O 9.h3
Na5 10.Bc2 d5 11.exd5 e4 12.Bxe4 Nxe4 13.Rxe4 Bb7 14.d3 Bxd5 15.Re1 Bd6
16.Nbd2 Re8 17.Rxe8+ Qxe8 18.b3 Qe6 19.c4 Bb7 20.Bb2 Bf4 21.Bc3 Nc6 22.d4 Ne7
23.d5 Qg6 24.Nh4 Qh6 25.Ndf3 c6 26.Qe2 Bd6 27.Re1 bxc4 28.Bd2 Qh5 29.bxc4 f6
30.Qe6+ Qf7 31.Qxd6 {#r} 1-0

[Event "It (open)"]
[Site "masterchessopen.com Pardubice (Czech Republic)"]
[Date "2008.07.23"]
[Round "6"]
[White "Ashton Adam G (ENG)"]
[Black "Kabanov Nikolai (RUS)"]
[Result "1-0"]
[WhiteElo "2325"]
[BlackElo "2483"]

1.e4 e5 2.Nf3 Nc6 3.Bb5 a6 4.Ba4 Nf6 5.O-O Be7 6.Re1 b5 7.Bb3 d6 8.c3 O-O 9.h3
Na5 10.Bc2 c5 11.d4 Nd7 12.d5 Nb6 13.Nbd2 Bd7 14.b3 f5 15.exf5 Nxd5 16.Ne4 Bc6
17.Nfg5 Bxg5 18.Bxg5 Qd7 19.Qg4 Kh8 20.Rad1 Nb7 21.Qh4 Qf7 22.f6 g6 23.c4 Nb4
24.Bb1 d5 25.cxd5 Nxd5 26.Bh6 Rg8 27.Bc1 Qc7 28.Bb2 Nf4 29.Bxe5 Nxg2 30.Qg3
{#r} 1-0

[Event "Tournament (Elo)"]
[Site "masterchessopen.com Warsaw (Poland)"]
[Date "2008.07.23"]
[Round "3"]
[White "Prus Marek (POL)"]
[Black "Kadzinski Wieslaw (POL)"]
[Result "0-1"]
[WhiteElo "1812"]
[BlackElo "1978"]

1.e4 e5 2.Nf3 Nc6 3.Bb5 a6 4.Ba4 Nf6 5.O-O Be7 6.Re1 b5 7.Bb3 d6 8.c3 O-O 9.h3
Na5 10.Bc2 c5 11.d4 Nd7 12.Nbd2 cxd4 13.cxd4 Nc6 14.d5 Nb4 15.Bb1 a5 16.Nf1
Bf6 17.Ng3 g6 18.Bh6 Bg7 19.Qd2 Nb6 20.b3 Nd7 21.Nh2 Nf6 22.Bxg7 Kxg7 23.f4
Qb6+ 24.Kh1 exf4 25.Qxf4 Qd4 26.a3 Qxa1 27.axb4 Qe5 28.Qe3 axb4 29.Bd3 Bd7
30.Nhf1 Ra2 31.Nd2 Rc8 32.Ne2 Nxd5 33.Nf3 Nxe3 34.Nxe5 dxe5 {#R} 0-1

[Event "Ch European Union (juniors) (under 14)"]
[Site "masterchessopen.com Mureck (Austria)"]
[Date "2008.08.07"]
[Round "2"]
[White "Neves Pedro (POR)"]
[Black "Mrazova Monika (SVK)"]
[Result "1-0"]
[WhiteElo "2011"]
[BlackElo "1777"]

1.e4 e5 2.Nf3 Nc6 3.Bb5 a6 4.Ba4 Nf6 5.O-O Be7 6.Re1 b5 7.Bb3 d6 8.c3 O-O 9.h3
Na5 10.Bc2 c5 11.d3 h6 12.Nbd2 Bd7 13.Nf1 Nh7 14.Ng3 Qc8 15.Qe2 Nc6 16.Nh2 Bh4
17.Nhf1 Ne7 18.d4 cxd4 19.cxd4 f5 20.dxe5 dxe5 21.Bb3+ Kh8 22.exf5 Nxf5 23.Bd2
Nxg3 24.Nxg3 Qc5 25.Rac1 Qb6 26.Be3 Qb7 27.Bc5 Rfe8 28.Ne4 Be7 29.Bxe7 Rxe7
30.Nd6 Qb6 31.Nf7+ Kg8 32.Qe4 Rf8 33.Ng5+ {#r} 1-0

[Event "Ch France (open) (c)"]
[Site "masterchessopen.com Pau (France)"]
[Date "2008.08.17"]
[Round "6"]
[White "Afraoui Solenn (FRA)"]
[Black "Kaser Simon (FRA)"]
[Result "1-0"]
[WhiteElo "1758"]
[BlackElo "1623"]

1.e4 e5 2.Nf3 Nc6 3.Bb5 a6 4.Ba4 Nf6 5.O-O Be7 6.Re1 b5 7.Bb3 d6 8.c3 O-O 9.h3
Na5 10.Bc2 c5 11.d4 exd4 12.cxd4 Qc7 13.Nbd2 Nc6 14.d5 Ne5 15.Nxe5 dxe5 16.Nf1
c4 17.Qf3 Bc5 18.Be3 Bd7 19.Bxc5 Qxc5 20.Ne3 Rac8 21.Rac1 Qd6 22.Nf5 Bxf5
23.Qxf5 c3 24.bxc3 Rxc3 25.Bb3 Rxc1 26.Rxc1 g6 27.Qf3 Qb4 28.Qxf6 Qxe4 29.d6
Qd4 30.Rd1 {#r} 1-0

[Event "Tournament (Elo)"]
[Site "masterchessopen.com Warsaw (Poland)"]
[Date "2008.08.22"]
[Round "9"]
[White "Kwiatkowski Andrzej (POL)"]
[Black "Kadzinski Wieslaw (POL)"]
[Result "1-0"]
[WhiteElo "1899"]
[BlackElo "1978"]

1.e4 e5 2.Nf3 Nc6 3.Bb5 a6 4.Ba4 Nf6 5.O-O b5 6.Bb3 Be7 7.Re1 O-O 8.h3 d6 9.c3
Na5 10.Bc2 c5 11.d4 Nd7 12.Nbd2 cxd4 13.cxd4 Nc6 14.Nb3 a5 15.Bd3 a4 16.Bxb5
axb3 17.Bxc6 Rxa2 18.Rb1 Qb6 19.Bd5 exd4 20.Bxb3 Ra5 21.Nxd4 Bf6 22.Be3 Qa6
23.Bd5 Ne5 24.b4 Rxd5 25.exd5 Qb7 26.Qb3 Bd7 27.b5 Rb8 28.Nc6 Ra8 29.Bd4 Bf5
30.Ra1 Re8 31.f4 {#r} 1-0

[Event "It (open) (a)"]
[Site "masterchessopen.com Polanica Zdroj (Poland)"]
[Date "2008.08.24"]
[Round "6"]
[White "Bartel Michal (POL)"]
[Black "Sadzikowski Daniel (POL)"]
[Result "0-1"]
[WhiteElo "2237"]
[BlackElo "2178"]

1.e4 e5 2.Nf3 Nc6 3.Bb5 a6 4.Ba4 Nf6 5.O-O Be7 6.Re1 b5 7.Bb3 d6 8.c3 O-O 9.h3
Na5 10.Bc2 d5 11.Nxe5 dxe4 12.b4 Bd6 13.d4 exd3 14.Qxd3 Bxe5 15.Rxe5 Qxd3
16.Bxd3 Rd8 17.Bc2 Nc4 18.Rc5 Bb7 19.Bg5 Be4 20.Bb3 Rd5 21.Rxd5 Nxd5 22.Nd2
Bd3 23.a4 Re8 24.axb5 axb5 25.Bxc4 bxc4 26.Ra5 Nxc3 27.Rc5 h6 28.Be3 Ne2+
29.Kh2 c3 30.Nf3 Rxe3 31.Ne1 c2 {#R} 0-1

[Event "Ch Poland (team) (1 liga)"]
[Site "masterchessopen.com Ustron (Poland)"]
[Date "2008.09.08"]
[Round "3"]
[White "Dobrowolski Aleksander (POL)"]
[Black "Klim Kamil (POL)"]
[Result "0-1"]
[WhiteElo "2335"]
[BlackElo "2249"]

1.e4 e5 2.Nf3 Nc6 3.Bb5 a6 4.Ba4 Nf6 5.O-O Be7 6.Re1 b5 7.Bb3 d6 8.c3 O-O 9.h3
Na5 10.Bc2 d5 11.d4 dxe4 12.Nxe5 c5 13.Bg5 Bb7 14.dxc5 Qc7 15.Bxf6 Rad8 16.Qe2
Bxf6 17.Ng4 Bg5 18.Ne3 f5 19.b4 f4 20.Nf1 f3 21.gxf3 e3 22.fxe3 Rxf3 23.e4
Rdf8 24.bxa5 Qxc5+ 25.Kh1 Rf2 26.Qd1 Qc8 27.Bb3+ Kh8 28.Qh5 Rxf1+ 29.Rxf1
Bxe4+ {#R} 0-1